| 000 | 01019cab a2200313 4500 | ||
|---|---|---|---|
| 001 | WB3025-56 | ||
| 008 | 090401t1994 xxu||||| |||| 00| 0 eng d | ||
| 035 | _a(Sirsi) u30009 | ||
| 041 | _aeng | ||
| 245 | _aShare plan to boost top Euro projects | ||
| 260 | _c1994 | ||
| 350 | _a0 | ||
| 490 |
_aNew Civil Engineer _v(1090) 30 June 1994, 7 |
||
| 490 |
_aFinancial Times _v1 July 1994, 10(1) |
||
| 520 | _aThe European Commission has suggested buying shares in transport schemes across Europe to encourage more private funding. Eleven routes have been given priority. Map. | ||
| 650 | _aEUROPE | ||
| 650 | _aEUROPEAN UNION | ||
| 650 | _aFUNDING | ||
| 650 |
_aInfrastructure _96246 |
||
| 650 | _aPRIVATE FINANCE | ||
| 650 | _aRAILWAYS | ||
| 650 | _aPROPERTY-INFRASTRUCTURE-TRANSPORT INFRASTRUCTURE-ROAD INFRASTRUCTURE | ||
| 650 | _aSHARES | ||
| 650 | _aTRANS-EUROPEAN ROAD NETWORK | ||
| 690 | _aEUROPE-SINGLE MARKET | ||
| 690 | _aTRANSPORT AND COMMUNICATIONS | ||
| 942 | _n0 | ||
| 948 | _c04/03/1997 | ||
| 999 |
_c20198 _d20198 |
||